|
|
|
|
| LEADER |
01243pam a22003378a 4500 |
| 001 |
00044299 |
| 005 |
20190611140613.0 |
| 008 |
110517s1980 ||||||Viesd |
| 020 |
# |
# |
|a 978604544436
|c 75000
|
| 041 |
0 |
# |
|a Vie
|
| 082 |
1 |
# |
|a 607
|b D112H
|
| 245 |
0 |
0 |
|c Lê Huy Hoàng (ch.b); Đặng Minh Đức, ... [và những người khác]
|a Dạy học phát triển năng lực môn Công nghệ Trung học cơ sở
|
| 260 |
# |
# |
|a Hà Nội
|b Đại học sư phạm
|c 2018
|
| 300 |
# |
# |
|a 196 tr.
|c 24 cm.
|
| 653 |
# |
# |
|a Phương pháp
|
| 653 |
# |
# |
|a Năng lực
|
| 653 |
# |
# |
|a Giáo dục
|
| 653 |
# |
# |
|a Công nghệ
|
| 653 |
# |
# |
|a Trung học cơ sở
|
| 700 |
1 |
# |
|a Lê, Huy Hoàng
|e Chủ biên
|
| 700 |
1 |
# |
|a Lê, Xuân Quang
|
| 700 |
1 |
# |
|a Nguyễn, Trọng Khanh
|
| 700 |
1 |
# |
|a Nguyễn, Văn Khôi
|
| 700 |
1 |
# |
|a Nguyễn, Văn Đường
|
| 700 |
1 |
# |
|a Vũ, Cẩm Tú
|
| 700 |
1 |
# |
|a Đồng, Huy Giới
|
| 700 |
1 |
# |
|a Đặng, Minh Đức
|
| 700 |
1 |
# |
|a Đặng, Văn Nghĩa
|
| 852 |
# |
# |
|j KM.0029919
|j KM.0029916
|j KD.0025967
|j KM.0029915
|j KM.0029918
|
| 910 |
# |
# |
|d 11/6/2019
|
| 980 |
# |
# |
|a Trung tâm Học liệu Lê Vũ Hùng, Trường Đại học Đồng Tháp
|